| 000 | 00000nam 2200000za 4500 |
| 001 | 9.843523 |
| 003 | CaOODSP |
| 005 | 20221107152536 |
| 007 | cr ||||||||||| |
| 008 | 170913s1944 onc |o f|0| 0 eng d |
| 040 | |aCaOODSP|beng |
| 043 | |an-cn--- |
| 086 | 1 |aCS62-D-86/1944E-PDF |
| 245 | 00|aPrice movements (August 1939-December 1943) |h[electronic resource]. |
| 260 | |aOttawa : |bDominion Bureau of Statistics, |c1944. |
| 300 | |a16 p. : |bcharts. |
| 500 | |aDigitized edition from print [produced by Statistics Canada]. |
| 500 | |aCover title. |
| 500 | |aOn cover: wholesale prices, retail prices, security prices. |
| 692 | 07|2gccst|aPrices |
| 692 | 07|2gccst|aCommodities |
| 710 | 1 |aCanada. |bDominion Bureau of Statistics. |bPrices Branch. |
| 856 | 40|qPDF|s4.66 MB|uhttps://publications.gc.ca/collections/collection_2017/statcan/CS62-D-86-1944-eng.pdf |
| 986 | |a62-D-86 |